すべてのポケモン名クイズ - Statistics

General Stats
  • This quiz has been taken 274 times
    142 since last reset
  • The average score is 90 of 1025
Answer Stats
番号 ポケモン名 % Correct
1 フシギダネ
96%
2 フシギソウ
89%
3 フシギバナ
86%
4 ヒトカゲ
83%
5 リザード
79%
6 リザードン
79%
7 ゼニガメ
73%
8 カメール
72%
9 カメックス
72%
10 キャタピー
49%
11 トランセル
48%
12 バタフリー
48%
13 ビードル
45%
15 スピアー
45%
14 コクーン
43%
16 ポッポ
41%
17 ピジョン
41%
18 ピジョット
41%
25 ピカチュウ
37%
19 コラッタ
36%
20 ラッタ
36%
26 ライチュウ
34%
150 ミュウツー
30%
151 ミュウ
30%
21 オニスズメ
29%
22 オニドリル
29%
147 ミニリュウ
26%
148 ハクリュー
26%
149 カイリュー
26%
23 アーボ
24%
24 アーボック
24%
144 フリーザー
24%
145 サンダー
24%
146 ファイヤー
24%
152 チコリータ
23%
153 ベイリーフ
23%
154 メガニウム
23%
100 ビリリダマ
22%
101 マルマイン
22%
138 オムナイト
22%
139 オムスター
22%
140 カブト
22%
141 カブトプス
22%
142 プテラ
22%
143 カビゴン
22%
155 ヒノアラシ
22%
158 ワニノコ
22%
27 サンド
21%
28 サンドパン
21%
134 シャワーズ
21%
135 サンダース
21%
136 ブースター
21%
157 バクフーン
21%
160 オーダイル
21%
35 ピッピ
20%
36 ピクシー
20%
39 プリン
20%
40 プクリン
20%
41 ズバット
20%
42 ゴルバット
20%
43 ナゾノクサ
20%
44 クサイハナ
20%
45 ラフレシア
20%
133 イーブイ
20%
137 ポリゴン
20%
156 マグマラシ
20%
29 ニドラン♀
18%
30 ニドリーナ
18%
31 ニドクイン
18%
32 ニドラン♂
18%
33 ニドリーノ
18%
34 ニドキング
18%
37 ロコン
18%
38 キュウコン
18%
114 モンジャラ
18%
159 アリゲイツ
18%
48 コンパン
17%
49 モルフォン
17%
58 ガーディ
17%
59 ウインディ
17%
63 ケーシィ
17%
64 ユンゲラー
17%
65 フーディン
17%
66 ワンリキー
17%
67 ゴーリキー
17%
68 カイリキー
17%
69 マダツボミ
17%
70 ウツドン
17%
71 ウツボット
17%
92 ゴース
17%
93 ゴースト
17%
94 ゲンガー
17%
104 カラカラ
17%
105 ガラガラ
17%
113 ラッキー
17%
115 ガルーラ
17%
129 コイキング
17%
130 ギャラドス
17%
1000 サーフゴー
17%
46 パラス
16%
47 パラセクト
16%
50 ディグダ
16%
51 ダグトリオ
16%
52 ニャース
16%
53 ペルシアン
16%
54 コダック
16%
55 ゴルダック
16%
56 マンキー
16%
57 オコリザル
16%
60 ニョロモ
16%
61 ニョロゾ
16%
62 ニョロボン
16%
72 メノクラゲ
16%
73 ドククラゲ
16%
77 ポニータ
16%
78 ギャロップ
16%
79 ヤドン
16%
80 ヤドラン
16%
81 コイル
16%
82 レアコイル
16%
83 カモネギ
16%
86 パウワウ
16%
87 ジュゴン
16%
88 ベトベター
16%
89 ベトベトン
16%
90 シェルダー
16%
91 パルシェン
16%
95 イワーク
16%
96 スリープ
16%
97 スリーパー
16%
102 タマタマ
16%
103 ナッシー
16%
106 サワムラー
16%
107 エビワラー
16%
108 ベロリンガ
16%
111 サイホーン
16%
112 サイドン
16%
122 バリヤード
16%
124 ルージュラ
16%
128 ケンタロス
16%
131 ラプラス
16%
132 メタモン
16%
161 オタチ
16%
162 オオタチ
16%
163 ホーホー
16%
164 ヨルノズク
16%
165 レディバ
16%
74 イシツブテ
15%
75 ゴローン
15%
76 ゴローニャ
15%
84 ドードー
15%
85 ドードリオ
15%
98 クラブ
15%
99 キングラー
15%
116 タッツー
15%
117 シードラ
15%
118 トサキント
15%
119 アズマオウ
15%
120 ヒトデマン
15%
121 スターミー
15%
123 ストライク
15%
125 エレブー
15%
126 ブーバー
15%
127 カイロス
15%
166 レディアン
15%
167 イトマル
15%
168 アリアドス
15%
109 ドガース
14%
110 マタドガス
14%
169 クロバット
14%
170 チョンチー
14%
171 ランターン
14%
172 ピチュー
14%
173 ピィ
14%
174 ププリン
14%
175 トゲピー
14%
176 トゲチック
14%
177 ネイティ
14%
178 ネイティオ
14%
182 キレイハナ
14%
187 ハネッコ
14%
188 ポポッコ
14%
189 ワタッコ
14%
200 ムウマ
14%
179 メリープ
13%
180 モココ
13%
181 デンリュウ
13%
183 マリル
13%
184 マリルリ
13%
185 ウソッキー
13%
186 ニョロトノ
13%
190 エイパム
13%
191 ヒマナッツ
13%
192 キマワリ
13%
194 ウパー
13%
195 ヌオー
13%
196 エーフィ
13%
197 ブラッキー
13%
198 ヤミカラス
13%
199 ヤドキング
13%
249 ルギア
13%
250 ホウオウ
13%
193 ヤンヤンマ
12%
201 アンノーン
12%
206 ノコッチ
12%
241 ミルタンク
12%
242 ハピナス
12%
243 ライコウ
12%
244 エンテイ
12%
245 スイクン
12%
246 ヨーギラス
12%
247 サナギラス
12%
248 バンギラス
12%
251 セレビィ
12%
252 キモリ
12%
253 ジュプトル
12%
254 ジュカイン
12%
495 ツタージャ
12%
498 ポカブ
12%
499 チャオブー
12%
500 エンブオー
12%
501 ミジュマル
12%
502 フタチマル
12%
503 ダイケンキ
12%
504 ミネズミ
12%
999 コレクレー
12%
202 ソーナンス
11%
203 キリンリキ
11%
204 クヌギダマ
11%
205 フォレトス
11%
207 グライガー
11%
208 ハガネール
11%
209 ブルー
11%
210 グランブル
11%
211 ハリーセン
11%
212 ハッサム
11%
215 ニューラ
11%
220 ウリムー
11%
221 イノムー
11%
222 サニーゴ
11%
223 テッポウオ
11%
224 オクタン
11%
225 デリバード
11%
226 マンタイン
11%
227 エアームド
11%
228 デルビル
11%
229 ヘルガー
11%
255 アチャモ
11%
256 ワカシャモ
11%
257 バシャーモ
11%
258 ミズゴロウ
11%
259 ヌマクロー
11%
260 ラグラージ
11%
261 ポチエナ
11%
262 グラエナ
11%
263 ジグザグマ
11%
264 マッスグマ
11%
265 ケムッソ
11%
266 カラサリス
11%
267 アゲハント
11%
268 マユルド
11%
269 ドクケイル
11%
494 ビクティニ
11%
496 ジャノビー
11%
497 ジャローダ
11%
505 ミルホッグ
11%
213 ツボツボ
10%
214 ヘラクロス
10%
216 ヒメグマ
10%
217 リングマ
10%
218 マグマッグ
10%
219 マグカルゴ
10%
230 キングドラ
10%
231 ゴマゾウ
10%
232 ドンファン
10%
234 オドシシ
10%
235 ドーブル
10%
236 バルキー
10%
237 カポエラー
10%
238 ムチュール
10%
239 エレキッド
10%
240 ブビィ
10%
270 ハスボー
10%
271 ハスブレロ
10%
272 ルンパッパ
10%
273 タネボー
10%
274 コノハナ
10%
275 ダーテング
10%
285 キノココ
10%
286 キノガッサ
10%
287 ナマケロ
10%
480 ユクシー
10%
481 エムリット
10%
482 アグノム
10%
483 ディアルガ
10%
484 パルキア
10%
485 ヒードラン
10%
486 レジギガス
10%
487 ギラティナ
10%
488 クレセリア
10%
489 フィオネ
10%
490 マナフィ
10%
491 ダークライ
10%
492 シェイミ
10%
493 アルセウス
10%
233 ポリゴン2
9%
276 スバメ
9%
277 オオスバメ
9%
278 キャモメ
9%
279 ペリッパー
9%
280 ラルトス
9%
281 キルリア
9%
282 サーナイト
9%
283 アメタマ
9%
284 アメモース
9%
288 ヤルキモノ
9%
289 ケッキング
9%
290 ツチニン
9%
291 テッカニン
9%
292 ヌケニン
9%
298 ルリリ
9%
299 ノズパス
9%
300 エネコ
9%
301 エネコロロ
9%
302 ヤミラミ
9%
303 クチート
9%
304 ココドラ
9%
305 コドラ
9%
306 ボスゴドラ
9%
309 ラクライ
9%
310 ライボルト
9%
369 ジーランス
9%
370 ラブカス
9%
371 タツベイ
9%
372 コモルー
9%
373 ボーマンダ
9%
374 ダンバル
9%
375 メタング
9%
376 メタグロス
9%
377 レジロック
9%
378 レジアイス
9%
379 レジスチル
9%
380 ラティアス
9%
381 ラティオス
9%
382 カイオーガ
9%
383 グラードン
9%
384 レックウザ
9%
385 ジラーチ
9%
386 デオキシス
9%
387 ナエトル
9%
388 ハヤシガメ
9%
389 ドダイトス
9%
390 ヒコザル
9%
391 モウカザル
9%
392 ゴウカザル
9%
393 ポッチャマ
9%
394 ポッタイシ
9%
395 エンペルト
9%
396 ムックル
9%
397 ムクバード
9%
398 ムクホーク
9%
399 ビッパ
9%
400 ビーダル
9%
441 ペラップ
9%
442 ミカルゲ
9%
443 フカマル
9%
444 ガバイト
9%
445 ガブリアス
9%
447 リオル
9%
448 ルカリオ
9%
449 ヒポポタス
9%
450 カバルドン
9%
451 スコルピ
9%
452 ドラピオン
9%
459 ユキカブリ
9%
460 ユキノオー
9%
461 マニューラ
9%
477 ヨノワール
9%
478 ユキメノコ
9%
479 ロトム
9%
506 ヨーテリー
9%
507 ハーデリア
9%
508 ムーランド
9%
509 チョロネコ
9%
510 レパルダス
9%
511 ヤナップ
9%
512 ヤナッキー
9%
513 バオップ
9%
514 バオッキー
9%
515 ヒヤップ
9%
516 ヒヤッキー
9%
1025 モモワロウ
9%
293 ゴニョニョ
8%
294 ドゴーム
8%
295 バクオング
8%
296 マクノシタ
8%
297 ハリテヤマ
8%
307 アサナン
8%
308 チャーレム
8%
311 プラスル
8%
312 マイナン
8%
315 ロゼリア
8%
318 キバニア
8%
319 サメハダー
8%
320 ホエルコ
8%
321 ホエルオー
8%
322 ドンメル
8%
323 バクーダ
8%
324 コータス
8%
325 バネブー
8%
326 ブーピッグ
8%
327 パッチール
8%
328 ナックラー
8%
329 ビブラーバ
8%
330 フライゴン
8%
331 サボネア
8%
332 ノクタス
8%
333 チルット
8%
334 チルタリス
8%
335 ザングース
8%
336 ハブネーク
8%
337 ルナトーン
8%
338 ソルロック
8%
349 ヒンバス
8%
350 ミロカロス
8%
351 ポワルン
8%
352 カクレオン
8%
353 カゲボウズ
8%
354 ジュペッタ
8%
355 ヨマワル
8%
356 サマヨール
8%
357 トロピウス
8%
358 チリーン
8%
363 タマザラシ
8%
364 トドグラー
8%
365 トドゼルガ
8%
366 パールル
8%
367 ハンテール
8%
368 サクラビス
8%
401 コロボーシ
8%
402 コロトック
8%
403 コリンク
8%
404 ルクシオ
8%
405 レントラー
8%
406 スボミー
8%
407 ロズレイド
8%
412 ミノムッチ
8%
413 ミノマダム
8%
414 ガーメイル
8%
415 ミツハニー
8%
416 ビークイン
8%
422 カラナクシ
8%
423 トリトドン
8%
427 ミミロル
8%
428 ミミロップ
8%
429 ムウマージ
8%
430 ドンカラス
8%
438 ウソハチ
8%
439 マネネ
8%
440 ピンプク
8%
446 ゴンベ
8%
455 マスキッパ
8%
456 ケイコウオ
8%
457 ネオラント
8%
462 ジバコイル
8%
463 ベロベルト
8%
464 ドサイドン
8%
465 モジャンボ
8%
466 エレキブル
8%
467 ブーバーン
8%
468 トゲキッス
8%
470 リーフィア
8%
471 グレイシア
8%
472 グライオン
8%
473 マンムー
8%
475 エルレイド
8%
476 ダイノーズ
8%
633 モノズ
8%
634 ジヘッド
8%
635 サザンドラ
8%
641 トルネロス
8%
642 ボルトロス
8%
643 レシラム
8%
644 ゼクロム
8%
645 ランドロス
8%
666 ビビヨン
8%
313 バルビート
7%
314 イルミーゼ
7%
316 ゴクリン
7%
317 マルノーム
7%
339 ドジョッチ
7%
340 ナマズン
7%
341 ヘイガニ
7%
342 シザリガー
7%
343 ヤジロン
7%
344 ネンドール
7%
345 リリーラ
7%
346 ユレイドル
7%
347 アノプス
7%
348 アーマルド
7%
359 アブソル
7%
360 ソーナノ
7%
361 ユキワラシ
7%
362 オニゴーリ
7%
408 ズガイドス
7%
409 ラムパルド
7%
410 タテトプス
7%
411 トリデプス
7%
417 パチリス
7%
418 ブイゼル
7%
419 フローゼル
7%
420 チェリンボ
7%
421 チェリム
7%
424 エテボース
7%
425 フワンテ
7%
426 フワライド
7%
431 ニャルマー
7%
432 ブニャット
7%
433 リーシャン
7%
434 スカンプー
7%
435 スカタンク
7%
436 ドーミラー
7%
437 ドータクン
7%
453 グレッグル
7%
454 ドクロッグ
7%
458 タマンタ
7%
469 メガヤンマ
7%
474 ポリゴンZ
7%
517 ムンナ
7%
518 ムシャーナ
7%
519 マメパト
7%
520 ハトーボー
7%
521 ケンホロウ
7%
522 シママ
7%
523 ゼブライカ
7%
554 ダルマッカ
7%
555 ヒヒダルマ
7%
599 ギアル
7%
600 ギギアル
7%
601 ギギギアル
7%
602 シビシラス
7%
603 シビビール
7%
604 シビルドン
7%
626 バッフロン
7%
627 ワシボン
7%
628 ウォーグル
7%
629 バルチャイ
7%
630 バルジーナ
7%
631 クイタラン
7%
632 アイアント
7%
636 メラルバ
7%
637 ウルガモス
7%
638 コバルオン
7%
639 テラキオン
7%
640 ビリジオン
7%
646 キュレム
7%
647 ケルディオ
7%
648 メロエッタ
7%
649 ゲノセクト
7%
650 ハリマロン
7%
651 ハリボーグ
7%
652 ブリガロン
7%
653 フォッコ
7%
654 テールナー
7%
655 マフォクシー
7%
656 ケロマツ
7%
657 ゲコガシラ
7%
658 ゲッコウガ
7%
661 ヤヤコマ
7%
662 ヒノヤコマ
7%
663 ファイアロー
7%
664 コフキムシ
7%
665 コフーライ
7%
721 ボルケニオン
7%
777 トゲデマル
7%
524 ダンゴロ
5%
525 ガントル
5%
526 ギガイアス
5%
532 ドッコラー
5%
533 ドテッコツ
5%
534 ローブシン
5%
551 メグロコ
5%
552 ワルビル
5%
553 ワルビアル
5%
556 マラカッチ
5%
559 ズルッグ
5%
560 ズルズキン
5%
561 シンボラー
5%
562 デスマス
5%
563 デスカーン
5%
564 プロトーガ
5%
565 アバゴーラ
5%
566 アーケン
5%
567 アーケオス
5%
570 ゾロア
5%
571 ゾロアーク
5%
592 プルリル
5%
593 ブルンゲル
5%
594 ママンボウ
5%
595 バチュル
5%
596 デンチュラ
5%
597 テッシード
5%
598 ナットレイ
5%
610 キバゴ
5%
611 オノンド
5%
612 オノノクス
5%
616 チョボマキ
5%
617 アギルダー
5%
619 コジョフー
5%
620 コジョンド
5%
621 クリムガン
5%
624 コマタナ
5%
625 キリキザン
5%
659 ホルビー
5%
660 ホルード
5%
688 カメテテ
5%
689 ガメノデス
5%
690 クズモー
5%
691 ドラミドロ
5%
692 ウデッポウ
5%
693 ブロスター
5%
696 チゴラス
5%
697 ガチゴラス
5%
698 アマルス
5%
699 アマルルガ
5%
700 ニンフィア
5%
701 ルチャブル
5%
702 デデンネ
5%
703 メレシー
5%
704 ヌメラ
5%
705 ヌメイル
5%
714 オンバット
5%
715 オンバーン
5%
716 ゼルネアス
5%
717 イベルタル
5%
718 ジガルデ
5%
719 ディアンシー
5%
720 フーパ
5%
722 モクロー
5%
723 フクスロー
5%
724 ジュナイパー
5%
725 ニャビー
5%
726 ニャヒート
5%
727 ガオガエン
5%
728 アシマリ
5%
729 オシャマリ
5%
730 アシレーヌ
5%
731 ツツケラ
5%
732 ケララッパ
5%
733 ドデカバシ
5%
734 ヤングース
5%
735 デカグース
5%
776 バクガメス
5%
779 ハギギシリ
5%
780 ジジーロン
5%
781 ダダリン
5%
1001 チオンジェン
5%
1002 パオジアン
5%
1003 ディンルー
5%
1004 イーユイ
5%
1005 トドロクツキ
5%
1006 テツノブジン
5%
1024 テラパゴス
5%
527 コロモリ
4%
528 ココロモリ
4%
529 モグリュー
4%
530 ドリュウズ
4%
531 タブンネ
4%
535 オタマロ
4%
536 ガマガル
4%
537 ガマゲロゲ
4%
538 ナゲキ
4%
539 ダゲキ
4%
540 クルミル
4%
541 クルマユ
4%
542 ハハコモリ
4%
543 フシデ
4%
544 ホイーガ
4%
545 ペンドラー
4%
546 モンメン
4%
547 エルフーン
4%
548 チュリネ
4%
549 ドレディア
4%
550 バスラオ
4%
568 ヤブクロン
4%
569 ダストダス
4%
572 チラーミィ
4%
573 チラチーノ
4%
574 ゴチム
4%
575 ゴチミル
4%
576 ゴチルゼル
4%
577 ユニラン
4%
578 ダブラン
4%
579 ランクルス
4%
580 コアルヒー
4%
581 スワンナ
4%
582 バニプッチ
4%
583 バニリッチ
4%
584 バイバニラ
4%
585 シキジカ
4%
586 メブキジカ
4%
587 エモンガ
4%
588 カブルモ
4%
589 シュバルゴ
4%
590 タマゲタケ
4%
591 モロバレル
4%
605 リグレー
4%
606 オーベム
4%
607 ヒトモシ
4%
608 ランプラー
4%
609 シャンデラ
4%
613 クマシュン
4%
614 ツンベアー
4%
615 フリージオ
4%
618 マッギョ
4%
622 ゴビット
4%
623 ゴルーグ
4%
667 シシコ
4%
668 カエンジシ
4%
669 フラベベ
4%
670 フラエッテ
4%
671 フラージェス
4%
672 メェークル
4%
673 ゴーゴート
4%
674 ヤンチャム
4%
675 ゴロンダ
4%
676 トリミアン
4%
677 ニャスパー
4%
678 ニャオニクス
4%
679 ヒトツキ
4%
680 ニダンギル
4%
681 ギルガルド
4%
682 シュシュプ
4%
683 フレフワン
4%
684 ペロッパフ
4%
685 ペロリーム
4%
686 マーイーカ
4%
687 カラマネロ
4%
694 エリキテル
4%
695 エレザード
4%
706 ヌメルゴン
4%
707 クレッフィ
4%
708 ボクレー
4%
709 オーロット
4%
710 バケッチャ
4%
711 パンプジン
4%
712 カチコール
4%
713 クレベース
4%
736 アゴジムシ
4%
737 デンヂムシ
4%
738 クワガノン
4%
739 マケンカニ
4%
740 ケケンカニ
4%
741 オドリドリ
4%
742 アブリー
4%
743 アブリボン
4%
744 イワンコ
4%
745 ルガルガン
4%
746 ヨワシ
4%
747 ヒドイデ
4%
748 ドヒドイデ
4%
774 メテノ
4%
775 ネッコアラ
4%
778 ミミッキュ
4%
1007 コライドン
4%
1008 ミライドン
4%
557 イシズマイ
3%
558 イワパレス
3%
749 ドロバンコ
3%
750 バンバドロ
3%
751 シズクモ
3%
752 オニシズクモ
3%
753 カリキリ
3%
754 ラランテス
3%
755 ネマシュ
3%
756 マシェード
3%
759 ヌイコグマ
3%
760 キテルグマ
3%
761 アマカジ
3%
762 アママイコ
3%
763 アマージョ
3%
764 キュワワー
3%
765 ヤレユータン
3%
766 ナゲツケサル
3%
769 スナバァ
3%
770 シロデスナ
3%
771 ナマコブシ
3%
772 タイプ:ヌル
3%
773 シルヴァディ
3%
782 ジャラコ
3%
783 ジャランゴ
3%
784 ジャラランガ
3%
998 セグレイブ
3%
1021 タケルライコ
3%
1022 テツノイワオ
3%
1023 テツノカシラ
3%
757 ヤトウモリ
2%
758 エンニュート
2%
767 コソクムシ
2%
768 グソクムシャ
2%
785 カプ・コケコ
2%
786 カプ・テテフ
2%
787 カプ・ブルル
2%
788 カプ・レヒレ
2%
789 コスモッグ
2%
790 コスモウム
2%
791 ソルガレオ
2%
792 ルナアーラ
2%
793 ウツロイド
2%
794 マッシブーン
2%
795 フェローチェ
2%
796 デンジュモク
2%
797 テッカグヤ
2%
798 カミツルギ
2%
799 アクジキング
2%
800 ネクロズマ
2%
801 マギアナ
2%
802 マーシャドー
2%
803 ベベノム
2%
804 アーゴヨン
2%
805 ツンデツンデ
2%
806 ズガドーン
2%
807 ゼラオラ
2%
808 メルタン
2%
809 メルメタル
2%
810 サルノリ
2%
811 バチンキー
2%
812 ゴリランダー
2%
813 ヒバニー
2%
814 ラビフット
2%
815 エースバーン
2%
816 メッソン
2%
817 ジメレオン
2%
818 インテレオン
2%
819 ホシガリス
2%
820 ヨクバリス
2%
823 アーマーガア
2%
827 クスネ
2%
828 フォクスライ
2%
880 パッチラゴン
2%
881 パッチルドン
2%
882 ウオノラゴン
2%
883 ウオチルドン
2%
884 ジュラルドン
2%
885 ドラメシヤ
2%
886 ドロンチ
2%
887 ドラパルト
2%
888 ザシアン
2%
889 ザマゼンタ
2%
890 ムゲンダイナ
2%
891 ダクマ
2%
892 ウーラオス
2%
893 ザルード
2%
894 レジエレキ
2%
895 レジドラゴ
2%
896 ブリザポス
2%
897 レイスポス
2%
898 バドレックス
2%
899 アヤシシ
2%
900 バサギリ
2%
901 ガチグマ
2%
902 イダイトウ
2%
903 オオニューラ
2%
904 ハリーマン
2%
905 ラブトロス
2%
906 ニャオハ
2%
907 ニャローテ
2%
908 マスカーニャ
2%
909 ホゲータ
2%
910 アチゲータ
2%
911 ラウドボーン
2%
912 クワッス
2%
913 ウェルカモ
2%
914 ウェーニバル
2%
915 グルトン
2%
916 パフュートン
2%
917 タマンチュラ
2%
918 ワナイダー
2%
919 マメバッタ
2%
920 エクスレッグ
2%
921 パモ
2%
922 パモット
2%
923 パーモット
2%
969 キラーメ
2%
970 キラフロル
2%
973 カラミンゴ
2%
974 アルクジラ
2%
975 ハルクジラ
2%
976 ミガルーサ
2%
977 ヘイラッシャ
2%
978 シャリタツ
2%
979 コノヨザル
2%
980 ドオー
2%
981 リキキリン
2%
982 ノココッチ
2%
983 ドドゲザン
2%
984 イダイナキバ
2%
985 サケブシッポ
2%
986 アラブルタケ
2%
987 ハバタクカミ
2%
988 チヲハウハネ
2%
989 スナノケガワ
2%
990 テツノワダチ
2%
991 テツノツツミ
2%
992 テツノカイナ
2%
993 テツノコウベ
2%
994 テツノドクガ
2%
995 テツノイバラ
2%
996 セビエ
2%
997 セゴール
2%
1009 ウネルミナモ
2%
1010 テツノイサハ
2%
1011 カミッチュ
2%
1012 チャデス
2%
1013 ヤバソチャ
2%
1014 イイネイヌ
2%
1015 マシマシラ
2%
1016 キチキギス
2%
1017 オーガポン
2%
1018 ブリジュラス
2%
1019 カミツオロチ
2%
1020 ウガツホムラ
2%
821 ココガラ
1%
822 アオガラス
1%
824 サッチムシ
1%
825 レドームシ
1%
826 イオルブ
1%
829 ヒメンカ
1%
830 ワタシラガ
1%
831 ウールー
1%
832 バイウールー
1%
833 カムカメ
1%
834 カジリガメ
1%
835 ワンパチ
1%
836 パルスワン
1%
837 タンドン
1%
838 トロッゴン
1%
839 セキタンザン
1%
840 カジッチュ
1%
841 アップリュー
1%
842 タルップル
1%
843 スナヘビ
1%
844 サダイジャ
1%
845 ウッウ
1%
846 サシカマス
1%
847 カマスジョー
1%
848 エレズン
1%
849 ストリンダー
1%
850 ヤクデ
1%
851 マルヤクデ
1%
852 タタッコ
1%
853 オトスパス
1%
854 ヤバチャ
1%
855 ポットデス
1%
856 ミブリム
1%
857 テブリム
1%
858 ブリムオン
1%
859 ベロバー
1%
860 ギモー
1%
861 オーロンゲ
1%
862 タチフサグマ
1%
863 ニャイキング
1%
864 サニゴーン
1%
865 ネギガナイト
1%
866 バリコオル
1%
867 デスバーン
1%
868 マホミル
1%
869 マホイップ
1%
870 タイレーツ
1%
871 バチンウニ
1%
872 ユキハミ
1%
873 モスノウ
1%
874 イシヘンジン
1%
875 コオリッポ
1%
876 イエッサン
1%
877 モルペコ
1%
878 ゾウドウ
1%
879 ダイオウドウ
1%
924 ワッカネズミ
1%
925 イッカネズミ
1%
926 パピモッチ
1%
927 バウッツェル
1%
928 ミニーブ
1%
929 オリーニョ
1%
930 オリーヴァ
1%
931 イキリンコ
1%
932 コジオ
1%
933 ジオヅム
1%
934 キョジオーン
1%
935 カルボウ
1%
936 グレンアルマ
1%
937 ソウブレイズ
1%
938 ズピカ
1%
939 ハラバリー
1%
940 カイデン
1%
941 タイカイデン
1%
942 オラチフ
1%
943 マフィティフ
1%
944 シルシュルー
1%
945 タギングル
1%
946 アノクサ
1%
947 アノホラグサ
1%
948 ノノクラゲ
1%
949 リククラゲ
1%
950 ガケガニ
1%
951 カプサイジ
1%
952 スコヴィラン
1%
953 シガロコ
1%
954 ベラカス
1%
955 ヒラヒナ
1%
956 クエスパトラ
1%
957 カヌチャン
1%
958 ナカヌチャン
1%
959 デカヌチャン
1%
960 ウミディグダ
1%
961 ウミトリオ
1%
962 オトシドリ
1%
963 ナミイルカ
1%
964 イルカマン
1%
965 ブロロン
1%
966 ブロロローム
1%
967 モトトカゲ
1%
968 ミミズズ
1%
971 ボチ
1%
972 ハカドッグ
1%
No matching quizzes found
Score Distribution
Percent of People with Each Score
Percentile by Number Answered
Your Score History
You have not taken this quiz since the last reset